000 00479nam a2200181 i 4500
001 101865
003 ES-MaACL
005 20250814054350.0
007 t|
008 051026s1968 sp ||||1| spa d
100 1 _aMellor, Alec.
_980003
245 1 3 _aEl secreto masónico /
_cAlec Mellor.
260 _aBarcelona :
_bAHR,
_c1968.
300 _a340 p. ;
_c19 cm.
610 2 4 _aMasonería
_95658
852 _aES-MaACL
_jA-5758
_bR.94754
999 _c101865
_d101865